<?xml version="1.0" encoding="UTF-8"?>
<record
    xmlns:xsi="http://www.w3.org/2001/XMLSchema-instance"
    xsi:schemaLocation="http://www.loc.gov/MARC21/slim http://www.loc.gov/standards/marcxml/schema/MARC21slim.xsd"
    xmlns="http://www.loc.gov/MARC21/slim">

  <leader>010400000a22001330004500</leader>
  <datafield tag="100" ind1="1" ind2=" ">
    <subfield code="a">Gutierrez, Mario.</subfield>
  </datafield>
  <datafield tag="245" ind1="1" ind2="0">
    <subfield code="a">La enc&#xED;clica spe salvi del papa Benedicto XVI en la dial&#xE9;ctica de la esperanza activa.</subfield>
  </datafield>
  <datafield tag="300" ind1=" " ind2=" ">
    <subfield code="a">Vol.59, no.168 (Jul. - Dic., 2009), p. 393-422</subfield>
  </datafield>
  <datafield tag="500" ind1=" " ind2=" ">
    <subfield code="a">Ubicaci&#xF3;n: varios</subfield>
  </datafield>
  <datafield tag="520" ind1=" " ind2=" ">
    <subfield code="a">La segunda enc&#xED;clica del papa Benedicto XVI desarrolla una visi&#xF3;n actualizada de la esperanza cristiana. La reflexi&#xF3;n presenta en primer t&#xE9;rmino, una visi&#xF3;n general del contexto teol&#xF3;gico actual de la esperanza: una esperanza activa centrada en el misterio pascual  de Jes&#xFA;s, como anticipaci&#xF3;n del futuro de Dios que nos compromete con los crucificados de la historia. En segundo lugar, ofrece una lectura del documento sobre la esperanza en la perspectiva de una sana dial&#xE9;ctica con la modernidad ilustrada. Finalmente, muestra como la esperanza activa es un impulso que anima la V conferencia del episcopado latinoamericano y el caribe.</subfield>
  </datafield>
  <datafield tag="650" ind1="1" ind2="4">
    <subfield code="a">ENCICLICAS</subfield>
  </datafield>
  <datafield tag="773" ind1="0" ind2=" ">
    <subfield code="t">Theologica Xaveriana</subfield>
  </datafield>
  <datafield tag="942" ind1=" " ind2=" ">
    <subfield code="c">ANA</subfield>
  </datafield>
  <datafield tag="952" ind1=" " ind2=" ">
    <subfield code="0">0</subfield>
    <subfield code="1">0</subfield>
    <subfield code="4">0</subfield>
    <subfield code="7">0</subfield>
    <subfield code="8">HEM</subfield>
    <subfield code="a">FUSBC</subfield>
    <subfield code="b">FUSBC</subfield>
    <subfield code="d">2016-01-26</subfield>
    <subfield code="l">0</subfield>
    <subfield code="o"> </subfield>
    <subfield code="r">2016-01-26 00:00:00</subfield>
    <subfield code="w">2016-01-26</subfield>
    <subfield code="y">ANA</subfield>
  </datafield>
  <datafield tag="999" ind1=" " ind2=" ">
    <subfield code="c">63001</subfield>
    <subfield code="d">63001</subfield>
  </datafield>
</record>
